The structural transformation of the public sphere : (Record no. 18201)
[ view plain ]
| 000 -LEADER | |
|---|---|
| fixed length control field | 01198nam a22003257a 4500 |
| 005 - DATE AND TIME OF LATEST TRANSACTION | |
| control field | 20201128021045.0 |
| 008 - FIXED-LENGTH DATA ELEMENTS--GENERAL INFORMATION | |
| fixed length control field | 140402r19922013xxk fr2b 001 0 eng d |
| 020 ## - INTERNATIONAL STANDARD BOOK NUMBER | |
| International Standard Book Number | 9780745610771 |
| 041 1# - LANGUAGE CODE | |
| Language code of text/sound track or separate title | eng |
| Language code of original and/or intermediate translations of text | ger |
| 082 04 - DEWEY DECIMAL CLASSIFICATION NUMBER | |
| Edition number | 22 |
| Classification number | 301.01 |
| Item number | HAB |
| 100 1# - MAIN ENTRY--PERSONAL NAME | |
| 9 (RLIN) | 35863 |
| Personal name | Habermas, Jürgen |
| 245 14 - TITLE STATEMENT | |
| Title | The structural transformation of the public sphere : |
| Remainder of title | an inquiry into a category of bourgeois society / |
| Statement of responsibility, etc | Jürgen Habermas ; translated by Thomas Burger with the assistance of Frederick Lawrence. |
| 250 ## - EDITION STATEMENT | |
| Edition statement | Reprinted ed. |
| 260 ## - PUBLICATION, DISTRIBUTION, ETC. (IMPRINT) | |
| Place of publication, distribution, etc | Cambridge, United Kingdom : |
| Name of publisher, distributor, etc | Polity Press, |
| Date of publication, distribution, etc | 1992. |
| Manufacturer | (Acid-Free Paper) |
| 300 ## - PHYSICAL DESCRIPTION | |
| Extent | xix, 301 p. ; |
| Dimensions | 23 cm. |
| 500 ## - GENERAL NOTE | |
| General note | Index : p. 299-301. |
| 500 ## - GENERAL NOTE | |
| General note | Reprint of the 1992 ed. |
| 504 ## - BIBLIOGRAPHY, ETC. NOTE | |
| Bibliography, etc | Bibliography : p. 251-298. |
| 546 ## - LANGUAGE NOTE | |
| Language note | Translated from German. |
| 650 #0 - SUBJECT ADDED ENTRY--TOPICAL TERM | |
| 9 (RLIN) | 774 |
| Topical term or geographic name as entry element | Sociology |
| General subdivision | Methodology |
| 650 #0 - SUBJECT ADDED ENTRY--TOPICAL TERM | |
| 9 (RLIN) | 1542 |
| Topical term or geographic name as entry element | Social structure |
| 650 #0 - SUBJECT ADDED ENTRY--TOPICAL TERM | |
| Topical term or geographic name as entry element | Public interest |
| 9 (RLIN) | 35864 |
| 650 #0 - SUBJECT ADDED ENTRY--TOPICAL TERM | |
| Topical term or geographic name as entry element | Middle class |
| 9 (RLIN) | 34198 |
| 653 ## - INDEX TERM--UNCONTROLLED | |
| Resource For college | Engineering, Architecture |
| Arrived date list | April2014 |
| 655 ## - INDEX TERM--GENRE/FORM | |
| Form subdivision | |
| -- | 34232 |
| 650 #0 - SUBJECT ADDED ENTRY--TOPICAL TERM | |
| 9 (RLIN) | 11062 |
| Topical term or geographic name as entry element | Political sociology |
| 700 1# - ADDED ENTRY--PERSONAL NAME | |
| Personal name | Burger, Thomas |
| Relator term | translator. |
| 700 1# - ADDED ENTRY--PERSONAL NAME | |
| Personal name | Lawrence, Frederick |
| Relator term | translator. |
| 9 (RLIN) | 24332 |
| 942 ## - ADDED ENTRY ELEMENTS (KOHA) | |
| Source of classification or shelving scheme | Dewey Decimal Classification |
| Call number prefix | 301.01 HAB |
| Withdrawn status | Item status | Source of classification or shelving scheme | Damaged status | Not for loan | Vendor | Home library | Current library | Shelving location | Date acquired | Source of acquisition | Cost, normal purchase price | Total Checkouts | Total Renewals | Full call number | Barcode | Date last seen | Date last borrowed | Cost, replacement price | Koha item type |
|---|---|---|---|---|---|---|---|---|---|---|---|---|---|---|---|---|---|---|---|
| Dewey Decimal Classification | Baccah | Central Library | Central Library | First floor | 02/04/2014 | 200.00 | 4 | 121 | 301.01 HAB | 000035858 | 15/07/2025 | 24/12/2020 | 250.00 | Book - Borrowing |